000 00349nam a2200133Ia 4500
008 151001s9999||||xx |||||||||||||| ||und||
100 _aशशिकला साळगांवकर
245 _aपुरस्कार
250 _a1
260 _bचंद्रमौळी
260 _c2000
300 _a192
365 _b18
999 _c978512
_d978509